00409nam a2200145Ia 4500008004100000041000800041082001600049100001600065245008100081260003700162300000900199500002700208650001200235700001600247230125s9999 xx 000 0 und d aeng a657.45bWAN aWandkar D V aCo-operative auditbCDC&A : Government Diploma in Co-Operation & Accountancy c2003bPragati publicationsaPune a155p aCo-operative societies aGeneral aWandkar D V